PCB capitals quiz - Statistics

General Stats
  • This quiz has been taken 21 times
  • The average score is 9 of 15
Answer Stats
Picture Answer % Correct
ÉireNua
90%
Jakobstad
90%
Pjaia
90%
Ellester
80%
Montmorency
80%
Insomnia
60%
Kreznik
60%
Molis
50%
Tulpfloerdam
50%
Borealis
40%
Foxborn
40%
Titania
40%
Vatnaland
40%
Barentzstad
30%
Ozark
30%
No matching quizzes found
Score Distribution
Percent of People with Each Score
Percentile by Number Answered
Your Score History
You have not taken this quiz